Gwiazdy lat 70. XX wieku według zdjęć #2 - Statystyki

Ogólne statystyki
  • Ten quiz został rozwiązany 21 razy
  • Średni wynik to 8 z 16
Statystyki odpowiedzi
Obrazkowy Odpowiedź % Poprawnych
Harrison Ford
95%
Bob Marley
80%
Elton John
80%
Carrie Fisher
65%
Meryl Streep
65%
Paul McCartney
65%
Liza Minnelli
55%
Mark Hamill
55%
Rod Stewart
50%
Stevie Wonder
50%
Alan Alda
40%
Peter Falk
40%
Gene Wilder
30%
Bob Newhart
0%
Johnny Carson
0%
Rodney Dangerfield
0%
Nie znaleziono quizów pasujących do podanych kryteriów
Rozkład punktacji
Procent ludzi z każdym wynikiem
Percentyl według liczby udzielonych odpowiedzi
Twoja historia wyników
Nie rozwiązałeś tego quizu